000 00328nam a2200109Ia 4500
008 171211s9999 xx 000 0 und d
245 _aReady, Steady, Glow: Fast, Fresh Food Designed for Real Life
245 _cMadeleine Shaw
260 _c2016
650 _xCOOKBOOKS
856 _uhttp://down.ebook777.com/063/9781409163381.pdf
999 _c348135
_d348135